00361cam a2200145ua 45000010005000000080039000050400009000440410012000530820016000651000017000812450038000982600033001363000016001696530030001857572120731n1986 II |||gr||||Z||||||eng aMAIN aEnglish a954.035 ADH aADHYA, G. A. aINDIA`S STRUGGLE FOR INDEPENDENCE aNEW DELHIbDOOBA HOUSEc1986 a174:c20CM. aFreedom Movement of India